人口減少数の多い市町村ランキングTop20 - Statistics

General Stats
  • This quiz has been taken 202 times
  • The average score is 20 of 20
Answer Stats
順位 市町村 都道府県 人口 減少数 % Correct
1 北九州市 福岡県 939,029 -22,257
100%
2 新潟市 新潟県 789,275 -20,882
100%
3 長崎市 長崎県 409,118 -20,390
100%
4 横須賀市 神奈川県 388,078 -18,508
100%
14 福島市 福島県 282,693 -11,554
100%
5 いわき市 福島県 332,931 -17,306
99%
6 函館市 北海道 251,084 -14,895
99%
7 呉市 広島県 214,592 -13,960
99%
10 青森市 青森県 275,192 -12,456
99%
13 静岡市 静岡県 693,389 -11,600
99%
15 京都市 京都府 1,463,723 -11,460
99%
16 高知市 高知県 326,545 -10,645
99%
8 下関市 山口県 255,051 -13,466
98%
9 堺市 大阪府 826,161 -13,149
98%
11 佐世保市 長崎県 243,223 -12,216
98%
12 神戸市 兵庫県 1,525,152 -12,120
98%
19 旭川市 北海道 329,306 -10,299
98%
18 日立市 茨城県 174,508 -10,546
96%
20 釧路市 北海道 165,077 -9,665
96%
17 小樽市 北海道 111,299 -10,625
93%
No matching quizzes found
Score Distribution
Percent of People with Each Score
Percentile by Number Answered
Your Score History
You have not taken this quiz